00440nam a2200133Ia 4500008004000000020001800040082001500058100004000073245009500113260003700208300000800245440000700253650004600260210210b2005 xxu||||| |||| 00| 0 eng d a81 7835 392 X a915.4 BHAL aBHATT (S C) and BHARGAVA (Gopal K). aLand and people of Indian states and union territories (in 36 volumes): Pondicherry Vol.36 aDelhibKalpaz publicationsc2005 a244 a36 aLand and people India, Pondicherry Vol.36